| 000 | 00555nam a2200217Ia 4500 | ||
|---|---|---|---|
| 008 | 101110s9999 xx 000 0 und d | ||
| 041 | _aENGLISH | ||
| 082 | _bSR33649 | ||
| 100 | _aBhattachrya Rao, Sharma, Yadav B.S., Patil S.K. and others | ||
| 245 | _aOrganic chemistry FYBSc | ||
| 260 |
_c2010 _bSheth pub, Mumbai |
||
| 300 | _a214 | ||
| 365 | _b85 | ||
| 520 | _aChemistry | ||
| 546 | _aENGLISH | ||
| 630 | _aOrganic chemistry FYBSc | ||
| 650 | _aChemistry | ||
| 655 | _aChemistry | ||
| 730 | _aOrganic chemistry FYBSc | ||
| 942 | _cBOOK | ||
| 999 |
_c826150 _d826147 |
||